Zapomenutý ekonom Karel Havlíček Borovský
Liberálne názory Karla Havlíčka Borovského na hospodársky vývoj. Úvahy o "neviditeľnej ruke trhu", slobode a demokracii. Chápanie a podstata peňazí, vznik inflácie v prácach K.H. Borovského.
Enregistré dans:
| Auteur principal: | |
|---|---|
| Format: | Chapitre de livre |
| Langue: | tchèque |
| Sujets: | |
| Tags: |
Pas de tags, Soyez le premier à ajouter un tag!
|
MARC
| LEADER | 00000naa a2200000 4500 | ||
|---|---|---|---|
| 001 | r036374 | ||
| 005 | 20231002105629.8 | ||
| 041 | 0 | |a cze | |
| 044 | |a CZ | ||
| 245 | 1 | 0 | |a Zapomenutý ekonom Karel Havlíček Borovský |c Ilona Bažantová |
| 520 | |a Liberálne názory Karla Havlíčka Borovského na hospodársky vývoj. Úvahy o "neviditeľnej ruke trhu", slobode a demokracii. Chápanie a podstata peňazí, vznik inflácie v prácach K.H. Borovského. | ||
| 610 | 2 | 0 | |a veda ekonomická |
| 610 | 2 | 0 | |a životopisy |
| 610 | 2 | 0 | |a dejiny hospodárske |
| 610 | 2 | 0 | |a teória peňažná |
| 610 | 2 | 0 | |a inflácia |
| 610 | 2 | 0 | |a sloboda |
| 610 | 2 | 0 | |a demokracia |
| 610 | 2 | 0 | |a trh |
| 610 | 2 | 0 | |a Borovský, K.H. |
| 100 | 1 | |a Bažantová, Ilona | |